[Event "Vaxjo op"]
[Site "Vaxjo"]
[Date "2023.02.12"]
[Round "8"]
[White "Wiklund, Johan"]
[Black "Johansson, Ulf"]
[Result "0-1"]
[WhiteElo "1899"]
[BlackElo "2205"]
[PlyCount "94"]
[EventDate "2023.02.10"]
[EventType "swiss"]
[EventRounds "8"]
[EventCountry "SWE"]
[SourceTitle "CBM 212 Extra"]
[Source "ChessBase"]
[SourceDate "2023.03.31"]
[SourceVersion "1"]
[SourceVersionDate "2023.03.31"]
[SourceQuality "1"]

1. Nf3 Nf6 2. c4 g6 3. b3 Bg7 4. Bb2 0-0 5. g3 c6 6. Bg2 d5 7. cxd5 cxd5 8. 0-0 Nc6 9. d3 d4 10. Na3 a6 11. Nc4 Nd5 12. a4 b6 13. a5 b5 14. Nb6 Nxb6 15. axb6 Bb7 16. Rc1 Qxb6 17. Qc2 Rfc8 18. Qb1 e5 19. Ba3 b4 20. Bb2 Ne7 21. Rxc8+ Rxc8 22. Rc1 Rxc1+ 23. Qxc1 Bd5 24. Qc2 Qc6 25. Qxc6 Nxc6 26. Nd2 Bxg2 27. Kxg2 Na5 28. e3 f5 29. Kf3 Kf7 30. Ke2 Ke6 31. Bc1 Kd5 32. exd4 exd4 33. f4 Kc5 34. Kd1 Bf6 35. Kc2 Nc6 36. Nf3 Ne7 37. Bd2 Nd5 38. Bc1 a5 39. Bd2 Kb5 40. Be1 Ne3+ 41. Kd2 a4 42. bxa4+ Kxa4 43. Bf2 Ka3 44. Bxe3 dxe3+ 45. Kxe3 Bc3 46. Ne5 Bxe5 47. fxe5 b3 0-1

[Event "Vaxjo op"]
[Site "Vaxjo"]
[Date "2023.02.11"]
[Round "5"]
[White "Johansson, Ulf"]
[Black "Blomqvist, Erik"]
[Result "0-1"]
[WhiteElo "2205"]
[BlackElo "2510"]
[PlyCount "66"]
[EventDate "2023.02.10"]
[EventType "swiss"]
[EventRounds "8"]
[EventCountry "SWE"]
[SourceTitle "CBM 212 Extra"]
[Source "ChessBase"]
[SourceDate "2023.03.31"]
[SourceVersion "1"]
[SourceVersionDate "2023.03.31"]
[SourceQuality "1"]

1. Nf3 d5 2. g3 Nc6 3. d4 Bf5 4. Bg2 Nb4 5. Na3 e6 6. 0-0 Be7 7. Ne5 f6 8. Nd3 Qd7 9. Nxb4 Bxb4 10. c4 c6 11. Nc2 Ba5 12. Ne3 Bg6 13. Bd2 Bc7 14. Qb3 Bb6 15. Bc3 Ne7 16. a4 Rb8 17. Rfd1 h5 18. Bb4 h4 19. Qa3 Bc7 20. Rac1 hxg3 21. hxg3 Nf5 22. Nf1 a5 23. Bc3 Nd6 24. Nd2 Bf5 25. b4 g5 26. Bb2 Qh7 27. Qf3 Ne4 28. Nf1 axb4 29. cxd5 exd5 30. e3 Ra8 31. Ra1 Kf7 32. Qe2 Rag8 33. g4 Be6 0-1

[Event "Skara Vastgota op"]
[Site "Skara"]
[Date "2022.10.29"]
[Round "2"]
[White "Johansson, Stefan2222"]
[Black "Johansson, Ulf"]
[Result "0-1"]
[WhiteElo "2024"]
[BlackElo "2215"]
[PlyCount "84"]
[EventDate "2022.10.29"]
[EventType "swiss"]
[EventRounds "9"]
[EventCountry "SWE"]
[SourceTitle "EXT 2024"]
[Source "ChessBase"]
[SourceDate "2023.10.10"]
[SourceVersion "1"]
[SourceVersionDate "2023.10.10"]
[SourceQuality "1"]

1. e4 c5 2. Nc3 Nc6 3. g3 g6 4. Bg2 Bg7 5. d3 d6 6. f4 e5 7. Nf3 Nge7 8. 0-0 Bg4 9. h3 Bd7 10. fxe5 dxe5 11. Bg5 f6 12. Be3 Nd4 13. a4 Be6 14. Qd2 Qd7 15. Kh2 0-0 16. Rf2 Rad8 17. Rd1 Rfe8 18. Qc1 b6 19. b3 a6 20. Qa3 Qc7 21. Qb2 Qc8 22. Na2 b5 23. axb5 axb5 24. b4 Nxf3+ 25. Rxf3 cxb4 26. Nxb4 f5 27. Rff1 f4 28. Bf2 Rf8 29. Be1 g5 30. g4 h5 31. Bc3 hxg4 32. hxg4 Ng6 33. d4 Bxg4 34. Rd3 Be2 35. Qb3+ Rf7 36. dxe5 Bxd3 37. cxd3 g4 38. Nd5 f3 39. Bh1 Qb8 40. Kg1 Bxe5 41. Nf6+ Bxf6 42. Bxf6 Qg3+ 0-1

[Event "Rilton Cup 20th"]
[Site "Stockholm"]
[Date "1990.??.??"]
[Round "5"]
[White "Johansson, Ulf"]
[Black "Degerman, Lars"]
[Result "0-1"]
[WhiteElo "2240"]
[BlackElo "2405"]
[PlyCount "62"]
[EventDate "1990.12.??"]
[EventType "swiss"]
[EventRounds "9"]
[EventCountry "SWE"]
[SourceTitle "EXT 1997"]
[Source "ChessBase"]
[SourceDate "1996.11.15"]
[SourceVersion "1"]
[SourceVersionDate "1996.11.15"]
[SourceQuality "1"]

1. e4 c5 2. Nf3 Nc6 3. d4 cxd4 4. Nxd4 Nf6 5. Nc3 d6 6. Bc4 e6 7. Be3 a6 8. Qe2 Qc7 9. 0-0-0 Na5 10. Bd3 b5 11. f4 Bb7 12. Bf2 Rc8 13. Rhe1 b4 14. Nb1 e5 15. Nb3 Nxb3+ 16. axb3 Be7 17. Nd2 exf4 18. e5 dxe5 19. Qxe5 Qxe5 20. Rxe5 Ng4 21. Re2 Nxf2 22. Rxf2 0-0 23. Rxf4 Bxg2 24. Rg1 Bb7 25. Bc4 Bd6 26. Rh4 g6 27. Ne4 Bxe4 28. Rxe4 Bxh2 29. Rg2 Bd6 30. Bxa6 Rce8 31. Rd4 Bc5 0-1

[Event "Jonkoping op"]
[Site "Jonkoping"]
[Date "1988.??.??"]
[Round "1"]
[White "Bjurenheim, Jerker"]
[Black "Johansson, Ulf"]
[Result "0-1"]
[WhiteElo "1576"]
[BlackElo "2074"]
[PlyCount "42"]
[EventDate "1988.??.??"]
[EventType "swiss"]
[EventRounds "7"]
[EventCountry "SWE"]
[SourceTitle "EXT 2001"]
[Source "ChessBase"]
[SourceDate "2000.11.22"]
[SourceVersion "1"]
[SourceVersionDate "2000.11.22"]
[SourceQuality "1"]

1. d4 Nf6 2. c4 c5 3. d5 b5 4. cxb5 a6 5. e3 Bb7 6. Nc3 Qa5 7. Bd2 axb5 8. Bxb5 e6 9. dxe6 Bxg2 10. exf7+ Kd8 11. a4 Qc7 12. f3 Bxh1 13. Qe2 Bd6 14. h3 Bg3+ 15. Kf1 Rf8 16. Bc4 Nc6 17. Nd5 Nxd5 18. Bxd5 Rb8 19. Bc3 Be5 20. Bxc6 Bxc3 21. Bd5 Rxb2 0-1